000 01516nam a2200337 i 4500
001 768714001
003 CO-MdFUSB
005 20230517164051.0
007 ta
008 211005t1984 ck |||| |||| 00| 0 spa d
020 _a9586110001
040 _aCO-MdFUSB
_bspa
_cCO-MdFUSB
_dCO-MdFUSBC
_erda
041 _aspa
082 _223
_a986.1
_bL253
100 _aLandaburu, Jon.
_eautor
245 1 _aTradiciones de la gente del hacha :
_bmitología de los indios andoques del Amazonas
_c/ Jon Landaburu , Roberto Pineda Camacho
264 1 _aColombia :
_bInstituto Caro y Cuervo,
_c[1984]
264 4 _c© 1984
300 _a289 páginas
_c; 25 cm
336 _2rdacontent
_atexto
_btxt
337 _2rdamedia
_asin mediación
_bn
338 _2rdacarrier
_avolumen
_bnc
505 _aEl sol nace en Araracuara. -- Del oriente sube la amenaza. -- Del cielo llega el ritmo creador. -- El oriente es vencido en Araracuara. -- Fracasos en el centro, peligros hoy. -- Cuentos de cazadores. -- Abajo viven los animales. -- Volverse gente. -- Cuentos de curaciones. -- Nueva victoria sobre el oriente. -- Conversaciones sobre seres míticos (bilingüe andoque-español).-- Actualidad de la palabra mítica. -- Notas sobre la lengua Andoque: Fonología, anotaciones gramaticales.
563 _aRústico
653 _aMitología Andoque.
653 _aAmazonas -- Tribus indígenas.
700 _95739
_aPineda Camacho, Roberto.
_eautor
942 _cBK
945 _aJTF-925
999 _c66921
_d66921